000 00661nam a2200241Ia 4500
003 OSt
005 20221007064150.0
006 a|||||r|||| 00| 0
007 ta
008 221006b |||||||| |||| 00| 0 eng d
024 _a26,873
037 _cTextual
040 _aFLL
_cFLL
_beng
041 _2eng
_aeng
082 _aX627:Z73y7, H1
100 _aBritton William Everett
_9685418
245 0 _aCases on the law of bills and notes
250 _a3rd
260 _aChicago
_bCallaghan and Company
_c1941
300 _axxvi,906p
_ccm.
942 _hX627:Z73y7, H1
_cTEXL
_2CC
999 _c1133179
_d1133179